000 00301nam a22001217a 4500
008 181016b xxu||||| |||| 00| 0 eng d
041 _aeng
080 _25 ED
_a159.9
100 _a50
101 _aPSI
245 _aClinical Handbook Of Psychological Disorders
_cBarlow.D.H
942 _2udc
_cBK
999 _c49828
_d49828